000 003040000a22000970004500
100 1 _aRead-Heimerdinger, Jenny
245 1 0 _aBarnabas in Acts : A study of his role in the text of codex bezae
300 _aNúm 72 (1998), Páginas 23-66
773 0 _tJournal for the Study of the New Testament
942 _cANA
999 _c56007
_d56007